50 Charaktere aus One Piece - Statistiken

Allgemein
  • Dieses Quiz wurde 1.115 mal gespielt
  • Das Durchschnittsergebnis liegt bei 28 aus 50
Antwortstatistiken
Hinweis Antwort % Korrekt
Strohhutpiraten Lorenor Zorro
99%
Strohhutpiraten Monkey D. Ruffy
99%
Strohhutpiraten Nami
99%
Strohhutpiraten Vinsmoke Sanji
98%
Strohhutpiraten Nico Robin
96%
Strohhutpiraten Tony Tony Chopper
94%
Strohhutpiraten Franky
93%
Strohhutpiraten Brook
92%
Strohhutpiraten Lysop
91%
Rothaar-Piraten Shanks
86%
Marine Monkey D. Garp
84%
Heart-Piraten Trafalgar D. Water Law
78%
Marine Akainu
73%
Whitebeard-Piraten Portgas D. Ace
73%
100-Bestien-Piraten Kaido
72%
Ex-Marine Aokiji
71%
Strohhutpiraten Jimbei
71%
Marine Kizaru
69%
Whitebeard-Piraten Marco
68%
Roger-Piraten Gol D. Roger
63%
Kid-Piraten Killer
63%
100-Bestien-Piraten King
62%
Marine Corby
61%
Big-Mom-Piraten Charlotte Katakuri
60%
100-Bestien-Piraten Queen
60%
Heart-Piraten Bepo
56%
Big-Mom-Piraten Charlotte Linlin
55%
Whitebeard-Piraten Edward Newgate
51%
Roger-Piraten Silvers Rayleigh
48%
Kid-Piraten Eustass Kid
46%
Marine Smoker
46%
Rothaar-Piraten Benn Beckman
45%
Roger-Piraten Buggy
45%
100-Bestien-Piraten Jack
45%
Rothaar-Piraten Yasopp
41%
Marine Fujitora
38%
Rote Schwertscheiden Kinemon
38%
Big-Mom-Piraten Charlotte Perospero
33%
Big-Mom-Piraten Charlotte Pudding
30%
Marine Tashigi
27%
Rote Schwertscheiden Raizo
24%
Rote Schwertscheiden Nekomamushi
20%
Roger-Piraten Crocus
19%
Rote Schwertscheiden Inuarashi
18%
Rote Schwertscheiden Denjiro
17%
Rothaar-Piraten Lucky Roo
17%
Rote Schwertscheiden Kawamatsu
15%
Rote Schwertscheiden Kikunojo
15%
Rote Schwertscheiden Ashura Doji
12%
Rote Schwertscheiden Izou
10%
Keine übereinstimmenden Quizze gefunden
Verteilung der Resultate
Anzahl Personen mit jedem Resultat
Perzentil nach korrekt beantworteten Fragen
Ihre Resultats-Entwicklung
Sie haben dieses Quiz noch nicht gespielt